Music Quiz

Random Music or Kpop Quiz
Score 0/9 Timer 08:00
0 Plays Today
% Correct
Felix
97.5%
Bang Chan
96.8%
Han
96.8%
Woojin
95%
Changbin
95%
I.N
95%
Seungmin
92.8%
Hyunjin
92.1%
Lee Know
88.2%

You're not logged in!

Compare scores with friends on all Sporcle quizzes.
OR
Log In

Sporcle TV

Today on Sporcle TV


Watch our educational content, quiz creation guides, and fun videos on Sporcle TV.

Show Comments

Extras

Top Quizzes Today


Score Distribution

Paid Content

Your Account Isn't Verified!

In order to create a playlist on Sporcle, you need to verify the email address you used during registration. Go to your Sporcle Settings to finish the process.

Report this User

Report this user for behavior that violates our Community Guidelines.

Details: